| 000 | 00537nam a2200157 4500 | ||
|---|---|---|---|
| 999 |
_c17116 _d17116 |
||
| 008 | 220607b ||||| |||| 00| 0 eng d | ||
| 022 | _a0732-8435 | ||
| 082 | _aDPer 657.05 C33 Jan - Apr 2011, v. 81 n 1 - 4 | ||
| 100 |
_aBarry, Joanne S. _942861 |
||
| 245 |
_aDood-Frank sleeper leaves confusion in its wake/ _cJoanne S. Barry. |
||
| 260 |
_aNew York: _bThe New York State Society of CPA, _c2011. |
||
| 300 |
_aV81 n1, page 7+: _billustrations; _c28 cm. |
||
| 500 | _aThe CPA Journal. | ||
| 650 |
_aFinance. _945484 |
||
| 942 |
_2ddc _cPER |
||